Online
Catalog

Artículos de costumbres / (Record no. 24444)

MARC details
000 -CABECERA
campo de control de longitud fija 00918cam a2200241 a 4500
001 - NÚMERO DE CONTROL
campo de control 000024951
005 - FECHA Y HORA DE LA ÚLTIMA TRANSACCIÓN
campo de control 20200930023453.0
008 - DATOS DE LONGITUD FIJA--INFORMACIÓN GENERAL
campo de control de longitud fija 901219s19uu ec 000 | spa d
040 ## - FUENTE DE LA CATALOGACIÓN
Centro catalogador/agencia de origen DO-SdBNP
Lengua de catalogación spa
Centro/agencia transcriptor BNPHU
082 ## - NÚMERO DE LA CLASIFICACIÓN DECIMAL DEWEY
Número de clasificación E864.2
Número de documento/Ítem M691a
049 ## - FONDOS LOCALES (OCLC)
Fondos de biblioteca BNGR
100 1# - ENTRADA PRINCIPAL--NOMBRE DE PERSONA
Nombre de persona Modesto Espinosa, José
9 (RLIN) 51210
245 10 - MENCIÓN DE TÍTULO
Título Artículos de costumbres /
Mención de responsabilidad, etc. José Modesto Espinosa ; introducción Hernán Rodríguez Castelo.
260 ## - PUBLICACIÓN, DISTRIBUCIÓN, ETC.
Lugar de publicación, distribución, etc. Quito, (Ecuador) :
Nombre del editor, distribuidor, etc. Publicaciones Educativas "Ariel",
Fecha de publicación, distribución, etc. [19?].
300 ## - DESCRIPCIÓN FÍSICA
Extensión 168 p. ;
Dimensiones 18 cm.
490 1# - MENCIÓN DE SERIE
Mención de serie Clásicos Ariel
Designación de volumen o secuencia 52
490 1# - MENCIÓN DE SERIE
Mención de serie Biblioteca de Autores Ecuatorianos
600 14 - PUNTO DE ACCESO ADICIONAL DE MATERIA--NOMBRE DE PERSONA
Nombre de persona ESPINOSA, JOSÉ MODESTO, 1833-1916 -- CRÍTICA E INTERPRETACIÓN
9 (RLIN) 51211
650 #4 - PUNTO DE ACCESO ADICIONAL DE MATERIA--TÉRMINO DE MATERIA
Término de materia o nombre geográfico como elemento de entrada Ensayos ecuatorianos
9 (RLIN) 3909
650 #4 - PUNTO DE ACCESO ADICIONAL DE MATERIA--TÉRMINO DE MATERIA
Término de materia o nombre geográfico como elemento de entrada Literatura ecuatoriano
9 (RLIN) 51212
700 1# - PUNTO DE ACCESO ADICIONAL--NOMBRE DE PERSONA
Nombre de persona Rodríguez Castelo, Hernán
Término indicativo de función/relación intr.
9 (RLIN) 4689
830 #0 - PUNTO DE ACCESO ADICIONAL DE SERIE-TÍTULO UNIFORME
Título uniforme Clásicos Ariel ;
Nombre de parte o sección de la obra Biblioteca de Autores Ecuatorianos
Designación de volumen o secuencia 52
9 (RLIN) 41875
Holdings
Estado de retiro Estado de pérdida Restricciones de uso No para préstamo Código de colección Localización permanente Ubicación/localización actual Ubicación en estantería Fecha de adquisición Número de inventario Total de préstamos Signatura topográfica completa Código de barras Fecha visto por última vez Precio válido a partir de Tipo de ítem Koha
        Monografías: Libros y Folletos General General En catalogación 08.02.2011 LF1   E864.2 M691a 24951-10 25.06.2020 25.06.2020 Préstamo en sala

Powered by Koha